European Countries with the Least Forest (%) - Statistics

General Stats
  • This quiz has been taken 587 times
  • The average score is 9 of 13
Answer Stats
Forest Country % Correct
0% Vatican City
90%
0% Monaco
87%
2% San Marino
83%
1% Malta
82%
12% United Kingdom
82%
11% Ireland
78%
2% Iceland
77%
9% Netherlands
74%
22% Belgium
70%
14% Denmark
68%
10% Moldova
45%
17% Ukraine
40%
23% Hungary
28%
No matching quizzes found
Score Distribution
Percent of People with Each Score
Percentile by Number Answered
Your Score History
You have not taken this quiz